| 000 | 00422nam a2200145Ia 4500 | ||
|---|---|---|---|
| 008 | 151015s9999 xx 000 0 und d | ||
| 020 | _a9.7808559844e+012 | ||
| 050 | _aSD387.O47 2000 | ||
| 245 | _aHuman Joe | ||
| 250 | _a_Community Forest Management A casebook from India | ||
| 300 | _aU K Oxfam 2000 | ||
| 500 | _aIncludes Index | ||
| 650 | _a_Community Forest management | ||
| 700 | _a^d20110121 04:50:21^okilerai | ||
| 999 |
_c1106 _d1106 |
||